Identificación de materias colorantes sobre fibras textiles y determinación de los iones metálicos en materiales fibrosos, colorantes y pigmentos orgánicos / (Record no. 45168)

MARC details
000 -LEADER
campo de control de longitud fija 00781nam a2200181 i 4500
001 - NÚMERO DE CONTROL
campo de control 45168
003 - IDENTIFICADOR DE NÚMERO DE CONTROL
campo de control ES-MaACL
005 - FECHA Y HORA DE LA ÚLTIMA TRANSACCIÓN
campo de control 20230906161153.0
007 - CAMPO FIJO DE DESCRIPCIÓN FÍSICA--INFORMACIÓN GENERAL
campo de control de longitud fija t|
008 - DATOS DE LONGITUD FIJA--INFORMACIÓN GENERAL
campo de control de longitud fija 030325s1951 sp ||||1| spa d
100 1# - ENTRADA PRINCIPAL--NOMBRE DE PERSONA
Nombre de persona Clayton, Ellis.
9 (RLIN) 39152
245 10 - MENCIÓN DEL TÍTULO
Título Identificación de materias colorantes sobre fibras textiles y determinación de los iones metálicos en materiales fibrosos, colorantes y pigmentos orgánicos /
Mención de responsabilidad, etc. por Ellis Clayton ; traducida al español, ampliada y adaptada por Carlos Más Gibert y Juán Alsina Giralt.
260 ## - PUBLICACIÓN, DISTRIBUCIÓN, ETC.
Lugar de publicación, distribución, etc. Barcelona :
Nombre del editor, distribuidor, etc. Manuel Marín,
Fecha de publicación, distribución, etc. [1951] (
Fabricante Emporium)
300 ## - DESCRIPCIÓN FÍSICA
Extensión 57 p., 7 gráf. pleg., XIV :
Otras características físicas il. ;
Dimensiones 22 cm.
700 1# - ENTRADA AGREGADA--NOMBRE PERSONAL
Nombre de persona Más Gibert, Carlos.
9 (RLIN) 78633
700 1# - ENTRADA AGREGADA--NOMBRE PERSONAL
Nombre de persona Alsina Giralt, Juán.
9 (RLIN) 20488
852 ## - LOCALIZACIÓN
Ubicación ES-MaACL
Número de control de estantería C-10292
Sublocalización o colección R.31110
Holdings
Estatus retirado Estado de pérdida Estado de daño No para préstamo Biblioteca de origen Biblioteca actual Ubicación en estantería Fecha de adquisición Fuente de adquisición Total de préstamos Signatura topográfica completa Código de barras Visto por última vez Precio de reemplazo Tipo de ítem Koha
        Biblioteca del Ateneo de Madrid Biblioteca del Ateneo de Madrid Sala Palomar 17/01/2008     C-10292 1047533 23/02/2023 23/02/2023 Libro impreso